000 01605nam a2200325Ia 4500
005 20220317000533.0
008 160601s9999 xx 000 0 und d
020 _a9507540873
245 1 0 _aCuentos mágicos irlandeses
_cselección y traducción Roberto Rosaspini Reynolds
250 _a2a. edición
300 _a127 págianas
_bilustraciones
_c23 cm
490 _aMitos, cuentos y leyendas
500 _aSubtítulo en la carátula: Relatos celtas de hadas y duendes
504 _aIncluye bibliografía
505 _aLa fuenet de D'yerre-in-Dowan -- La leyenda del lago de Inchigin -- Beswarragal -- Las peripecias de Jack Barrett, el gaitero -- Cuerpo-sin-cabeza -- Sheelah-na-Skeann -- El rey de los Osos -- La esposa astuta -- Tres hermanos, tres hermanas -- El maestro de ladrones
650 1 4 _2LEMB
_aCuentos irlandeses
650 1 4 _2LEMB
_aLiteratura irlandesa
650 1 4 _2LEMB
_aHadas en la literatura
650 1 4 _2LEMB
_aDragones en la literatura
650 1 4 _2LEMB
_aFantasmas en la literatura
700 1 _aReynolds, Roberto Rosaspini
_947479
740 _aLa fuente de D yerree-in-Dowan;\\
_aLa leyenda del lago de Inchigin;\\
_aBeswarragal;\\
_aLas peripecias de Jack Barrett, el gaitero;\\
_aCuerpo-sin-cabeza;\\
_aSheelah-na-Skeann;\\
_aEl rey de los Osos;\\
_aLa esposa astuta;\\
_aTres hermanos, tres hermanas;
942 _2loc
_cBKLIT
264 _aBuenos Aires
_bContinente
_c2003
336 _atexto
_btxt
_2rdacontent
337 _asin mediación
_bn
_2rdamedia
338 _avolumen
_bnc
_2rdacarrier
040 _aCO-BoRNBP
_bspa
_erda
_cCO-BoRNBP
084 _aC CUE59
999 _c4326
_d4326